000 00723 a2200205 4500
010 _aENG-89679
020 _c1250.00
_a8183240542
035 _aEN-73212
037 _bDBAD / PUB
082 1 4 _a351.00730954
090 _c11468
_d11468
100 1 _aMahi Pal
245 1 _aDecentralised planning and development in India/
_cby Mahi Pal
260 _aNew Delhi
_bMittal Publications
_c2008
270 _a4594/9, Daryaganj,
_bNew Delhi
_e110 002
_k23250398, 25351493
_l25351521
_mmittalp@ndf.vsnl.net.in
300 _axxi, 506p.;
_c22 cm ( Hb.)
500 _aIncludes index
942 _adpl
_cEN
_k 351.00730954/ MAH
999 _c11153
_d11153